[Event "Tastrup"]
[Site "Tastrup"]
[Date "1992.??.??"]
[Round "?"]
[White "Romanishin, Oleg M"]
[Black "Hector, Jonny"]
[Result "1/2-1/2"]
[WhiteElo "2595"]
[BlackElo "2535"]
[PlyCount "106"]
[EventDate "1992.02.??"]
[Source "ChessBase"]

1. e4 e5 2. Nf3 Nc6 3. Bb5 a6 4. Ba4 Nf6 5. O-O Be7 6. Re1 b5 7. Bb3 Bb7 8. d4 Nxd4 9. Nxd4 exd4 10. e5 Nd5 11. Qf3 c6 12. c3 dxc3 13. Nxc3 O-O 14. Nxd5 cxd5 15. Bxd5 Bxd5 16. Qxd5 d6 17. e6 Bf6 18. Bd2 Rc8 19. Bb4 fxe6 20. Rxe6 Kh8 21. Rxd6 Bxb2 22. Rf1 Qh4 23. Qd2 Bc1 24. Qe1 Qc4 25. Re6 Rg8 26. a3 a5 27. Re4 Qd3 28. Bxa5 Qxa3 29. Qb4 Qd3 30. Rd4 Qf5 31. Qb3 Rc5 32. Bb4 Rc6 33. g3 Qc8 34. Qd5 Bb2 35. Rd2 Bf6 36. Qxb5 Rc1 37. Rdd1 Rxd1 38. Rxd1 Qg4 39. Rf1 Bd4 40. Bd2 Qf3 41. Qc4 Bf6 42. Re1 Rd8 43. Qe4 Qxe4 44. Rxe4 Kg8 45. Be3 h5 46. Kg2 Kf7 47. h4 Rd5 48. Rc4 Kg6 49. Rc6 Kf5 50. Kf3 Rb5 51. Rc8 Ra5 52. Rh8 Kg6 53. Kg2 Rd5 1/2-1/2

[Event "Belgrade"]
[Site "Belgrade"]
[Date "1996.??.??"]
[Round "5"]
[White "Popovic, Petar"]
[Black "Ilincic, Zlatko"]
[Result "1/2-1/2"]
[WhiteElo "2570"]
[BlackElo "2555"]
[PlyCount "28"]
[EventDate "1996.02.??"]
[Source "ChessBase"]

1. e4 e5 2. Nf3 Nc6 3. Bb5 a6 4. Ba4 Nf6 5. O-O Be7 6. Re1 b5 7. Bb3 Bb7 8. c3 d6 9. d4 O-O 10. Nbd2 Re8 11. Ng5 Rf8 12. Ngf3 Re8 13. Ng5 Rf8 14. Ngf3 Re8 1/2-1/2

[Event "Sigeman and Co"]
[Site "?"]
[Date "1997.??.??"]
[Round "1"]
[White "Hellers Ferdinand"]
[Black "Hector Jonny"]
[Result "1/2-1/2"]
[WhiteElo "2585"]
[BlackElo "2500"]
[PlyCount "71"]
[EventDate "1997.??.??"]
[Source "www.chesslib.no"]
[SourceDate "2004.05.04"]

1. e4 e5 2. Nf3 Nc6 3. Bb5 a6 4. Ba4 Nf6 5. O-O Be7 6. Re1 b5 7. Bb3 Bb7 8. d4 Nxd4 9. Nxd4 exd4 10. e5 Ne4 11. Qg4 Bg5 12. Bf4 Bxf4 13. Qxf4 Ng5 14. Qxd4 Ne6 15. Qd2 Qh4 16. Nc3 O-O 17. Bd5 Bxd5 18. Qxd5 Qb4 19. Rab1 Rad8 20. Ne4 Nf4 21. Qc5 Qxc5 22. Nxc5 Ne6 23. Nxa6 Ra8 24. Nb4 Nc5 25. Nd5 h6 26. Ne3 f5 27. b4 g6 28. Nf1 Rad8 29. Rbd1 Rf6 30. Rb1 Rd6 31. Rb3 Rf8 32. Rbe3 Rd8 33. bxc5 Rf8 34. a4 Rc6 35. Rb1 bxa4 36. Rb5 1/2-1/2

[Event "Sigeman & Co"]
[Site "Malmo"]
[Date "1997.06.10"]
[Round "1"]
[White "Hellers, Ferdinand"]
[Black "Hector, Jonny"]
[Result "1/2-1/2"]
[WhiteElo "2585"]
[BlackElo "2500"]
[PlyCount "71"]
[EventDate "1997.06.10"]
[Source "ChessBase"]
[SourceDate "1997.10.13"]

1. e4 e5 2. Nf3 Nc6 3. Bb5 a6 4. Ba4 Nf6 5. O-O Be7 6. Re1 b5 7. Bb3 Bb7 8. d4 Nxd4 9. Nxd4 exd4 10. e5 Ne4 11. Qg4 Bg5 12. Bf4 Bxf4 13. Qxf4 Ng5 14. Qxd4 Ne6 15. Qd2 Qh4 16. Nc3 O-O 17. Bd5 Bxd5 18. Qxd5 Qb4 19. Rab1 Rad8 20. Ne4 Nf4 21. Qc5 Qxc5 22. Nxc5 Ne6 23. Nxa6 Ra8 24. Nb4 c5 25. Nd5 Rxa2 26. Red1 Rb8 27. c3 Kf8 28. f4 b4 29. cxb4 cxb4 30. Rd2 Nc5 31. Rc2 Nd3 32. Rd2 Nc5 33. Rbd1 Na4 34. b3 Rxd2 35. Rxd2 Nc5 36. Rd4 1/2-1/2

[Event "Nordic-ch VISA"]
[Site "Reykjavik"]
[Date "1997.??.??"]
[Round "13"]
[White "Hansen, Curt"]
[Black "Hector, Jonny"]
[Result "1-0"]
[WhiteElo "2600"]
[BlackElo "2470"]
[PlyCount "87"]
[EventDate "1997.10.08"]
[Source "ChessBase"]
[SourceDate "1998.01.31"]

1. e4 e5 2. Nf3 Nc6 3. Bb5 a6 4. Ba4 Nf6 5. O-O Be7 6. Re1 b5 7. Bb3 Bb7 8. d4 Nxd4 9. Bxf7+ Kf8 10. Bd5 c6 11. Nxe5 cxd5 12. Qxd4 dxe4 13. Qd1 Qe8 14. Ng4 d5 15. Nxf6 Bxf6 16. c3 Rd8 17. Be3 Qg6 18. Nd2 Bc8 19. Nf1 Bh3 20. Bc5+ Kf7 21. Ne3 Rhe8 22. Bd4 Bh4 23. a4 Re7 24. axb5 axb5 25. Qb3 Kg8 26. Qxb5 Rf7 27. g3 Rdf8 28. Qxd5 Bd8 29. Ng2 Bf5 30. Ra8 Be6 31. Qd6 Rd7 32. Qc6 Rc7 33. Qa6 Qf5 34. Nf4 Bc4 35. Qd6 Rd7 36. Qc6 Bd5 37. Nxd5 Rxd5 38. Qc4 h5 39. Qe2 Rd7 40. Rb8 h4 41. Rb5 Qf7 42. Re5 Bf6 43. Rxe4 Bxd4 44. cxd4 1-0

[Event "SSKK Bulletinen 40 years"]
[Site "SSKK Bulletinen 40 years"]
[Date "1994.??.??"]
[Round "?"]
[White "Busemann, Stephan"]
[Black "Hector, Jonny"]
[Result "1/2-1/2"]
[WhiteElo "2545"]
[BlackElo "2515"]
[PlyCount "84"]
[EventDate "1994.??.??"]
[Source "www.chesslib.no"]
[SourceDate "2004.05.04"]

1. e4 e5 2. Nf3 Nc6 3. Bb5 a6 4. Ba4 Nf6 5. O-O Be7 6. Re1 b5 7. Bb3 Bb7 8. c3 d5 9. exd5 Nxd5 10. Nxe5 Nxe5 11. Rxe5 Nf4 12. d4 Nxg2 13. Qe2 h6 14. Rxb5 axb5 15. Qxb5+ c6 16. Qxb7 O-O 17. Qxc6 Bg5 18. Bxg5 Qxg5 19. Qxg2 Qc1+ 20. Qf1 Qxb2 21. Na3 Rxa3 22. Qc1 Rxb3 23. axb3 Qxb3 24. Qe3 Rc8 25. Rc1 Qd5 26. f3 Rc6 27. Kf2 Re6 28. Qd2 Qh5 29. Qf4 Rf6 30. Qg3 Qb5 31. Re1 Qb2+ 32. Re2 Qxc3 33. Re8+ Kh7 34. Qg4 g6 35. Re2 Rf5 36. Qe4 Qc7 37. Kg2 Qc1 38. h4 Rf4 39. Qd5 Qa3 40. Kg3 Rf5 41. Re5 Rf6 42. Qe4 Qa1 1/2-1/2

[Event "Lisbon op 5th"]
[Site "Lisbon"]
[Date "1999.11.18"]
[Round "6"]
[White "Bruzon Bautista, Lazaro"]
[Black "Strikovic, Aleksa"]
[Result "1-0"]
[WhiteElo "2528"]
[BlackElo "2518"]
[PlyCount "73"]
[EventDate "1999.11.06"]
[Source "ChessBase"]
[SourceDate "2000.01.11"]

1. e4 e5 2. Nf3 Nc6 3. Bb5 a6 4. Ba4 Nf6 5. O-O Be7 6. Re1 b5 7. Bb3 Bb7 8. d4 Nxd4 9. Nxd4 exd4 10. e5 Ne4 11. Qg4 Bg5 12. f4 Bh6 13. c3 dxc3 14. Nxc3 Nxc3 15. bxc3 Qe7 16. Be3 g6 17. Rad1 O-O-O 18. c4 f5 19. Qh3 Bf8 20. cxb5 axb5 21. Bf2 Qb4 22. Rd4 Qa5 23. Rc1 Ba3 24. Rcd1 d5 25. Bxd5 Bxd5 26. Rxd5 c6 27. Rxd8+ Rxd8 28. Rf1 Rd7 29. g4 fxg4 30. Qxg4 Qd2 31. Qf3 Qd3 32. Qxc6+ Rc7 33. Qa8+ Kd7 34. e6+ Kxe6 35. Re1+ Kf7 36. Qe8+ Kg7 37. Qe5+ 1-0

[Event "Copenhagen BSF"]
[Site "Copenhagen"]
[Date "1995.??.??"]
[Round "11"]
[White "Mortensen, Erling"]
[Black "Hector, Jonny"]
[Result "0-1"]
[WhiteElo "2500"]
[BlackElo "2540"]
[PlyCount "64"]
[EventDate "1995.03.??"]
[Source "ChessBase"]

1. e4 e5 2. Nf3 Nc6 3. Bb5 a6 4. Ba4 Nf6 5. O-O Be7 6. Re1 b5 7. Bb3 Bb7 8. d3 O-O 9. Nbd2 Re8 10. c3 h6 11. d4 Bf8 12. a4 exd4 13. cxd4 d6 14. h3 Nb4 15. e5 dxe5 16. dxe5 Nfd5 17. axb5 axb5 18. Rxa8 Bxa8 19. e6 fxe6 20. Nd4 Qd7 21. Qe2 Nf4 22. Qxb5 Qxb5 23. Nxb5 Nbd3 24. Nxc7 Nxe1 25. Nxe8 Bxg2 26. Bc4 Kf7 27. Bb5 h5 28. h4 g5 29. hxg5 Bb4 30. f3 Bc5+ 31. Kh2 h4 32. Ne4 Nxf3# 0-1

[Event "Copenhagen op 17th"]
[Site "Copenhagen"]
[Date "1995.??.??"]
[Round "5"]
[White "Emms, John M"]
[Black "Hector, Jonny"]
[Result "1/2-1/2"]
[WhiteElo "2500"]
[BlackElo "2540"]
[PlyCount "117"]
[EventDate "1995.06.??"]
[Source "ChessBase"]

1. e4 e5 2. Nf3 Nc6 3. Bb5 a6 4. Ba4 Nf6 5. O-O Be7 6. Re1 b5 7. Bb3 Bb7 8. d3 O-O 9. a4 d6 10. c3 Na5 11. Ba2 c5 12. Na3 Qd7 13. axb5 axb5 14. Bd2 c4 15. Bg5 Qc6 16. Qe2 Rac8 17. Rad1 Rfe8 18. Bxf6 Bxf6 19. dxc4 bxc4 20. Nd2 Ba6 21. Nf1 Bd8 22. Rd5 Bb6 23. Nd2 Re6 24. Kh1 Kh8 25. f3 f5 26. Bb1 Rh6 27. h3 Bc7 28. Ba2 Bd8 29. Rd1 f4 30. Kh2 Bb6 31. Rxa5 Bxa5 32. Bxc4 Bxc4 33. Ndxc4 Bb6 34. Rd5 Bc5 35. b4 Ba7 36. Qd3 Kg8 37. b5 Qc7 38. Qb1 Bf2 39. b6 Qd7 40. b7 Rb8 41. Kh1 Bc5 42. Na5 Qe6 43. Rxc5 dxc5 44. N3c4 Qe7 45. Qd1 Kh8 46. Qd5 Re6 47. Nc6 Rxc6 48. Qxc6 Qxb7 49. Qxc5 Qb1+ 50. Kh2 Qe1 51. Qg1 Qxc3 52. Qa7 Rg8 53. Nd6 h6 54. Qd7 Kh7 55. Qf5+ g6 56. Qe6 Qe1 57. Ne8 Qg3+ 58. Kg1 Qe1+ 59. Kh2 1/2-1/2

[Event "Aalborg"]
[Site "?"]
[Date "1993.??.??"]
[Round "?"]
[White "Kupreichik, V."]
[Black "Hector, J."]
[Result "1-0"]
[WhiteElo "2535"]
[BlackElo "2500"]
[PlyCount "81"]
[EventDate "1993.??.??"]
[Source "ChessBase"]
[SourceDate "1993.10.01"]

1. e4 e5 2. Nf3 Nc6 3. Bb5 a6 4. Ba4 Nf6 5. O-O Be7 6. Re1 b5 7. Bb3 Bb7 8. a4 O-O 9. d3 d6 10. c3 Re8 11. Na3 Qd7 12. Bd2 Na5 13. axb5 axb5 14. Ba2 c5 15. b4 cxb4 16. cxb4 Nc6 17. Nxb5 d5 18. Qb3 Nxb4 19. Bxb4 Qxb5 20. Bxe7 Qxb3 21. Bxb3 Rxa1 22. Rxa1 Rxe7 23. exd5 Nxd5 24. Ra5 Rc7 25. h4 Nf4 26. Nxe5 Kf8 27. Nxf7 Nxd3 28. Ng5 Bc8 29. Nxh7+ Ke7 30. f3 Rc3 31. Ra7+ Kd6 32. Bg8 g6 33. Ng5 Rc2 34. Ra4 Ne1 35. Ra2 Rc1 36. Kh2 Bb7 37. Bh7 Rc4 38. Rd2+ Ke5 39. Kg3 Kf6 40. Rd7 Bc6 41. Rf7+ 1-0

[Event "Manresa Open"]
[Site "Manresa"]
[Date "1995.??.??"]
[Round "6"]
[White "Korneev, Oleg"]
[Black "Rodriguez, A."]
[Result "1/2-1/2"]
[WhiteElo "2540"]
[BlackElo "2490"]
[PlyCount "37"]
[EventDate "1995.??.??"]
[Source "www.chesslib.no"]
[SourceDate "2004.05.04"]

1. e4 e5 2. Nf3 Nc6 3. Bb5 a6 4. Ba4 Nf6 5. O-O Be7 6. Re1 b5 7. Bb3 Bb7 8. c3 d5 9. exd5 Nxd5 10. Nxe5 Nxe5 11. Rxe5 Nf4 12. d4 Nxg2 13. Bg5 f6 14. Bxf6 gxf6 15. Qh5+ Kd7 16. Qf5+ Ke8 17. Qh5+ Kd7 18. Qf5+ Ke8 19. Qh5+ 1/2-1/2

[Event "JUG-chT"]
[Site "Herceg Novi"]
[Date "2001.05.??"]
[Round "1"]
[White "Popovic, Petar"]
[Black "Strikovic, Aleksa"]
[Result "1-0"]
[WhiteElo "2518"]
[BlackElo "2508"]
[PlyCount "49"]
[EventDate "2001.05.??"]
[Source "ChessBase"]
[SourceDate "2001.07.03"]

1. e4 e5 2. Nf3 Nc6 3. Bb5 a6 4. Ba4 Nf6 5. O-O Be7 6. Re1 b5 7. Bb3 Bb7 8. c3 d5 9. exd5 Nxd5 10. Nxe5 Nxe5 11. Rxe5 Nf4 12. d4 Nxg2 13. Qe2 h6 14. Rxb5 Qc8 15. Rxb7 Qxb7 16. Qh5 Nh4 17. Bxf7+ Kd8 18. Bd5 c6 19. Be4 Re8 20. Be3 a5 21. Nd2 Qd7 22. d5 g6 23. dxc6 Qxd2 24. Qg4 h5 25. Bb6# 1-0

[Event "Manila ol (Men)"]
[Site "Manila PHI"]
[Date "1992.??.??"]
[Round "?"]
[White "Garcia, Gildardo"]
[Black "Hector, Jonny"]
[Result "0-1"]
[WhiteElo "2485"]
[BlackElo "2535"]
[PlyCount "72"]
[EventDate "1992.06.??"]
[Source "www.chesslib.no"]
[SourceDate "2004.05.04"]

1. e4 e5 2. Nf3 Nc6 3. Bb5 a6 4. Ba4 Nf6 5. O-O Be7 6. Re1 b5 7. Bb3 Bb7 8. d4 Nxd4 9. Nxd4 exd4 10. e5 Nd5 11. c3 O-O 12. Qf3 c6 13. cxd4 d6 14. Nc3 dxe5 15. Nxd5 cxd5 16. dxe5 Qd7 17. Bc2 d4 18. e6 Bxf3 19. exd7 Bb4 20. Be4 Bxe1 21. Bxf3 Ra7 22. Bg5 Ba5 23. b4 Bd8 24. Bxd8 Rxd8 25. Bc6 Kf8 26. a4 bxa4 27. Kf1 Ke7 28. Rxa4 Kd6 29. Bb5 Kc7 30. Ra5 Kb6 31. Ba4 Rc7 32. Rd5 Rc4 33. Rd6+ Kc7 34. Rxa6 Rxb4 35. Ke2 Kb7 36. Ra5 Kb6 0-1

[Event "Politiken Cup"]
[Site "Copenhagen DEN"]
[Date "1991.??.??"]
[Round "?"]
[White "Hellers, Ferdinand"]
[Black "Hector, Jonny"]
[Result "1/2-1/2"]
[WhiteElo "2550"]
[BlackElo "2465"]
[PlyCount "55"]
[EventDate "1991.??.??"]
[Source "www.chesslib.no"]
[SourceDate "2004.05.04"]

1. e4 e5 2. Nf3 Nc6 3. Bb5 a6 4. Ba4 Nf6 5. O-O Be7 6. Re1 b5 7. Bb3 Bb7 8. d4 Nxd4 9. Nxd4 exd4 10. e5 Nd5 11. Qg4 Kf8 12. Qf3 c6 13. c3 Qb6 14. cxd4 Qxd4 15. Nc3 Re8 16. Re4 Qb6 17. Qf5 Bc5 18. Bg5 Re6 19. Rd1 Be7 20. Nxd5 cxd5 21. Rf4 f6 22. exf6 Bxf6 23. Bxf6 gxf6 24. Bxd5 Bxd5 25. Qxd5 Qc6 26. Qd3 Rg8 27. g3 Rg7 28. Qf3 1/2-1/2

[Event "Copenhagen Open"]
[Site "Copenhagen DEN"]
[Date "1991.??.??"]
[Round "7"]
[White "Hellers, Ferdinand"]
[Black "Hector, Jonny"]
[Result "1/2-1/2"]
[WhiteElo "2550"]
[BlackElo "2465"]
[PlyCount "63"]
[EventDate "1991.06.??"]
[Source "www.chesslib.no"]
[SourceDate "2004.05.04"]

1. e4 e5 2. Nf3 Nc6 3. Bb5 a6 4. Ba4 Nf6 5. O-O Be7 6. Re1 b5 7. Bb3 Bb7 8. d3 O-O 9. a4 d6 10. Nc3 Na5 11. Ba2 b4 12. Ne2 Rb8 13. Ng3 c5 14. Nd2 Ne8 15. Nc4 Nxc4 16. Bxc4 Bg5 17. Rf1 Bxc1 18. Qxc1 Nc7 19. f4 d5 20. exd5 Bxd5 21. Bxd5 Qxd5 22. fxe5 Rbe8 23. Qf4 Qxe5 24. Qxe5 Rxe5 25. Rae1 Rxe1 26. Rxe1 Ne6 27. Re5 b3 28. cxb3 Rb8 29. Ne4 g6 30. Nxc5 Nxc5 31. Rxc5 Rxb3 32. Ra5 1/2-1/2

[Event "Sweden TV Cup"]
[Site "Sweden"]
[Date "1993.??.??"]
[Round "?"]
[White "Ernst, Thomas"]
[Black "Hector, Jonny"]
[Result "0-1"]
[WhiteElo "2540"]
[BlackElo "2470"]
[PlyCount "78"]
[EventDate "1993.??.??"]
[Source "www.chesslib.no"]
[SourceDate "2004.05.04"]

1. e4 e5 2. Nf3 Nc6 3. Bb5 a6 4. Ba4 Nf6 5. O-O Be7 6. Re1 b5 7. Bb3 Bb7 8. c3 d5 9. exd5 Nxd5 10. Nxe5 Nxe5 11. Rxe5 Nf4 12. d4 Nxg2 13. Qe2 h6 14. Qh5 g6 15. Qh3 Qd6 16. Bg5 Qxe5 17. dxe5 Bxg5 18. e6 f5 19. Qd3 Rd8 20. Qe2 Nh4 21. a4 Nf3+ 22. Kf1 Nxh2+ 23. Kg1 Nf3+ 24. Kf1 b4 25. Qc4 Rh7 26. Qxb4 Be4 27. a5 Be7 28. Qa4+ Kf8 29. Bc2 Bb7 30. Bd1 h5 31. Na3 Nd2+ 32. Kg1 h4 33. Qf4 h3 34. f3 h2+ 35. Kh1 Rd3 36. Qxc7 Rxf3 37. Qb8+ Kg7 38. Qe5+ Kg8 39. Qb8+ Bf8 0-1

[Event "BL2-N 9596"]
[Site "GER"]
[Date "1996.??.??"]
[Round "?"]
[White "Rabiega, Robert"]
[Black "Hector, Jonny"]
[Result "0-1"]
[WhiteElo "2490"]
[BlackElo "2520"]
[PlyCount "66"]
[EventDate "1995.10.??"]
[Source "www.chesslib.no"]
[SourceDate "2004.05.04"]

1. e4 e5 2. Nf3 Nc6 3. Bb5 a6 4. Ba4 Nf6 5. O-O Be7 6. Re1 b5 7. Bb3 Bb7 8. a4 Na5 9. Ba2 Nxe4 10. Nxe5 O-O 11. Qh5 Nc4 12. d3 Nf6 13. Qh3 Nxe5 14. Rxe5 d5 15. Bg5 Qd6 16. Re2 Rae8 17. axb5 axb5 18. Nd2 h6 19. Bh4 Bd8 20. Rxe8 Rxe8 21. Nf1 Qb4 22. Bb3 Be7 23. Bxf6 Bxf6 24. Ra7 Bc8 25. Qh5 Re5 26. Qf3 Rf5 27. Qe2 Bd4 28. c3 Rxf2 29. Qe8+ Kh7 30. cxd4 Qxd4 31. Ne3 Re2 32. Bxd5 Rxe3 33. Be4+ Rxe4+ 0-1

[Event "BL2-N 9495"]
[Site "GER"]
[Date "1995.??.??"]
[Round "?"]
[White "Slobodjan, Roman"]
[Black "Hector, Jonny"]
[Result "1-0"]
[WhiteElo "2465"]
[BlackElo "2540"]
[PlyCount "125"]
[EventDate "1994.??.??"]
[Source "www.chesslib.no"]
[SourceDate "2004.05.04"]

1. e4 e5 2. Nf3 Nc6 3. Bb5 a6 4. Ba4 Nf6 5. O-O Be7 6. Re1 b5 7. Bb3 Bb7 8. a4 Na5 9. Ba2 Nxe4 10. Nxe5 O-O 11. Qh5 Nc4 12. d4 Bh4 13. g3 Bg5 14. Nc3 g6 15. Qf3 Ned6 16. Qd1 Bxc1 17. Qxc1 Qf6 18. Bxc4 bxc4 19. d5 Rad8 20. Qd2 Rfe8 21. Ng4 Qg7 22. Qg5 Rf8 23. Re7 Nf5 24. Nf6+ Kh8 25. Nh5 Nd4 26. Nxg7 Nf3+ 27. Kg2 Nxg5 28. h4 Ne6 29. Nxe6 fxe6 30. Kf1 exd5 31. Rd1 c6 32. f4 Kg8 33. a5 Rf7 34. Ree1 d6 35. Rd2 Bc8 36. Na4 Bf5 37. b3 Rb7 38. Nb6 c3 39. Rd4 Bxc2 40. Rc1 Be4 41. Rxc3 c5 42. Rd2 d4 43. Rc1 d3 44. Kf2 Re8 45. Re1 Kf8 46. Rc1 h5 47. b4 cxb4 48. Rc4 Bf5 49. Rxb4 Rbe7 50. Rbb2 Re1 51. Nc4 Bh3 52. g4 hxg4 53. Rxd3 Rh1 54. Kg3 Ree1 55. f5 gxf5 56. Rxd6 Rhf1 57. h5 Re7 58. h6 Kg8 59. Kh4 Rc1 60. Rb8+ Kh7 61. Ne5 Ra7 62. Kg5 f4 63. Rdd8 1-0

[Event "Politiken Cup"]
[Site "Copenhagen"]
[Date "1996.??.??"]
[Round "5"]
[White "Liss, Eran"]
[Black "Hector, Jonny"]
[Result "1-0"]
[WhiteElo "2480"]
[BlackElo "2520"]
[PlyCount "83"]
[EventDate "1996.06.??"]
[Source "ChessBase"]

1. e4 e5 2. Nf3 Nc6 3. Bb5 a6 4. Ba4 Nf6 5. O-O Be7 6. Re1 b5 7. Bb3 Bb7 8. c3 d5 9. exd5 Nxd5 10. d4 exd4 11. cxd4 O-O 12. Nc3 Ncb4 13. a4 bxa4 14. Rxa4 Qd6 15. Ne5 Rad8 16. Qh5 Qb6 17. Be3 c5 18. dxc5 Bxc5 19. Bxc5 Qxc5 20. Ne4 Qb6 21. Ng5 h6 22. Ngxf7 Rd6 23. Nc4 Re6 24. Rf1 Qd4 25. Ncd6 Nf4 26. Nxh6+ Kh7 27. Nhf5+ Nxh5 28. Nxd4 Rxd6 29. Rxb4 Ba8 30. Ne6 Rf6 31. Rh4 g6 32. g4 Rb6 33. Bc4 Rbxe6 34. Bxe6 Rxe6 35. gxh5 g5 36. Rg4 Kh6 37. f4 Kxh5 38. Rxg5+ Kh4 39. Rg8 Bb7 40. f5 Rf6 41. Rg6 Rf8 42. f6 1-0

[Event "Albacete Open"]
[Site "Albacete ESP"]
[Date "1995.??.??"]
[Round "?"]
[White "Lanka, Zigurds"]
[Black "Rodriguez Cespedes, Amador"]
[Result "1-0"]
[WhiteElo "2510"]
[BlackElo "2490"]
[PlyCount "80"]
[EventDate "1995.??.??"]
[Source "www.chesslib.no"]
[SourceDate "2004.05.04"]

1. e4 e5 2. Nf3 Nc6 3. Bb5 a6 4. Ba4 Nf6 5. O-O Be7 6. Re1 b5 7. Bb3 Bb7 8. d3 O-O 9. Nc3 d6 10. a3 Qd7 11. h3 Rae8 12. Bd2 Kh8 13. a4 b4 14. Ne2 Ng8 15. Ng3 g6 16. c3 bxc3 17. Bxc3 Bf6 18. d4 exd4 19. Nxd4 Nxd4 20. Bxd4 Bxd4 21. Qxd4+ f6 22. Rac1 Re7 23. Red1 Rfe8 24. a5 Qc8 25. f3 Kg7 26. Nf1 Re5 27. Qc3 Rc5 28. Bc4 Ne7 29. b4 Rg5 30. f4 Rh5 31. e5 dxe5 32. Ng3 Rh4 33. fxe5 Ng8 34. Bxg8 Kxg8 35. exf6 Rf8 36. Qxc7 Qxc7 37. Rxc7 Bc8 38. Rd6 Rxb4 39. Rb6 Rf4 40. Rb8 Be6 1-0

[Event "Seville op 26th"]
[Site "Seville"]
[Date "2001.01.19"]
[Round "8"]
[White "Moreno Carnero, Javier"]
[Black "Strikovic, Aleksa"]
[Result "0-1"]
[WhiteElo "2483"]
[BlackElo "2508"]
[PlyCount "92"]
[EventDate "2001.01.12"]
[Source "ChessBase"]
[SourceDate "2001.03.08"]

1. e4 e5 2. Nf3 Nc6 3. Bb5 a6 4. Ba4 Nf6 5. O-O Be7 6. Re1 b5 7. Bb3 Bb7 8. d3 O-O 9. Nc3 d6 10. a4 b4 11. Nd5 Nxd5 12. Bxd5 Rb8 13. c3 bxc3 14. bxc3 Na5 15. Ba2 c5 16. d4 Qc7 17. d5 Bc8 18. Nd2 Bg5 19. Nc4 Bxc1 20. Qxc1 Bd7 21. f4 Nxc4 22. Bxc4 exf4 23. Qxf4 f6 24. e5 fxe5 25. Qxe5 Rbe8 26. Qg3 a5 27. h3 Bf5 28. Bb5 Re7 29. Rxe7 Qxe7 30. Re1 Qf6 31. Re3 h6 32. Kh2 h5 33. Kg1 h4 34. Qf4 Qd8 35. Rf3 Bg6 36. Qe3 Rxf3 37. Qxf3 Qe7 38. Qf2 Be4 39. Qe3 Qe5 40. Bc6 Kh7 41. Qe1 g5 42. c4 Kg6 43. Bb5 Qd4+ 44. Kh2 Qe5+ 45. Kg1 Bf5 46. Qf1 Qe4 0-1

[Event "Copenhagen KS"]
[Site "Copenhagen"]
[Date "1996.??.??"]
[Round "4"]
[White "Borge, Nikolaj"]
[Black "Hector, Jonny"]
[Result "0-1"]
[WhiteElo "2455"]
[BlackElo "2525"]
[PlyCount "167"]
[EventDate "1996.07.05"]
[Source "ChessBase"]

1. e4 e5 2. Nf3 Nc6 3. Bb5 a6 4. Ba4 Nf6 5. O-O Be7 6. Re1 b5 7. Bb3 Bb7 8. d3 O-O 9. Nbd2 Re8 10. a3 d6 11. Nf1 Nd4 12. Ba2 c5 13. c3 Nxf3+ 14. Qxf3 h6 15. Ng3 Bf8 16. Nh5 Qe7 17. Nxf6+ Qxf6 18. Qxf6 gxf6 19. f3 Red8 20. c4 Bc8 21. g4 Be6 22. Kf2 Rdb8 23. h3 a5 24. f4 exf4 25. Re2 bxc4 26. dxc4 Rb6 27. Bxf4 Rab8 28. Rb1 a4 29. Rc2 h5 30. Kf3 hxg4+ 31. hxg4 Kg7 32. Bd2 Be7 33. Bc3 Rh8 34. Rg1 Kf8 35. Rf2 Rh3+ 36. Ke2 Rh4 37. Rfg2 Ke8 38. Rg3 Kd7 39. Kd3 Rb8 40. Bb1 Rh2 41. R1g2 Rxg2 42. Rxg2 Rh8 43. Rg3 Rh2 44. Bd2 Bxc4+ 45. Kxc4 Rxd2 46. Kc3 Rf2 47. Bc2 Kc7 48. Bxa4 d5 49. exd5 Bd6 50. Rd3 Be5+ 51. Kc4 Rf4+ 52. Kb5 Kd6 53. b4 c4 54. Rg3 Rf2 55. Rg1 Kxd5 56. Rc1 c3 57. Bb3+ Kd4 58. Rc2 Rf4 59. Rg2 f5 60. gxf5 Rxf5 61. Bc2 Rf1 62. a4 f5 63. a5 f4 64. a6 Ra1 65. Ba4 Rh1 66. a7 Rh8 67. Bd1 Ra8 68. Kb6 Bb8 69. axb8=Q Rxb8+ 70. Ka5 Ra8+ 71. Kb6 Ra1 72. Bg4 Rb1 73. b5 Rb2 74. Rg1 c2 75. Bf5 f3 76. Rf1 Rb1 77. Rxf3 c1=Q 78. Bxb1 Qxb1 79. Rf6 Kc4 80. Rf4+ Kd5 81. Rg4 Qf5 82. Rb4 Qf6+ 83. Ka5 Kc5 84. Re4 0-1

[Event "London WFW"]
[Site "London"]
[Date "1991.??.??"]
[Round "?"]
[White "Watson, William N"]
[Black "Hector, Jonny"]
[Result "1-0"]
[WhiteElo "2505"]
[BlackElo "2465"]
[PlyCount "91"]
[EventDate "1991.05.??"]
[Source "ChessBase"]

1. e4 e5 2. Nf3 Nc6 3. Bb5 a6 4. Ba4 Nf6 5. O-O Be7 6. Re1 b5 7. Bb3 Bb7 8. d4 Nxd4 9. Nxd4 exd4 10. e5 Nd5 11. Qf3 c6 12. Bxd5 cxd5 13. Qg4 Qb6 14. Nd2 Qg6 15. Qxg6 hxg6 16. Nf3 Bc5 17. Bf4 Rc8 18. Red1 O-O 19. Rac1 Rfe8 20. h3 f6 21. exf6 gxf6 22. Nxd4 Re4 23. Be3 f5 24. g3 b4 25. c3 bxc3 26. Rxc3 d6 27. b4 Bxb4 28. Rb3 Rc4 29. Rdb1 Bc5 30. Rxb7 Bxd4 31. Rd7 Rc8 32. Bxd4 Rxd4 33. Rbb7 Ra4 34. Rxd6 Rxa2 35. Rxg6+ Kh8 36. Rf6 d4 37. Rd7 a5 38. Rxf5 a4 39. Rxd4 Kg7 40. Ra5 a3 41. Ra7+ Kg6 42. Rd6+ Kf5 43. Rd3 Rc1+ 44. Kg2 Rcc2 45. Rf3+ Kg5 46. Ra6 1-0

[Event "Nikolaev zt"]
[Site "Nikolaev"]
[Date "1993.??.??"]
[Round "?"]
[White "Savon, Vladimir A"]
[Black "Savchenko, Stanislav"]
[Result "1/2-1/2"]
[WhiteElo "2415"]
[BlackElo "2535"]
[PlyCount "21"]
[EventDate "1993.03.??"]
[Source "ChessBase"]

1. e4 e5 2. Nf3 Nc6 3. Bb5 a6 4. Ba4 Nf6 5. O-O Be7 6. Re1 b5 7. Bb3 Bb7 8. c3 O-O 9. h3 Re8 10. Ng5 Rf8 11. Nf3 1/2-1/2

[Event "13. Sigeman & Co"]
[Site "?"]
[Date "2005.04.23"]
[Round "8"]
[White "Hermansson Emil"]
[Black "Hector Jonny"]
[Result "0-1"]
[WhiteElo "2432"]
[BlackElo "2513"]
[PlyCount "40"]
[EventDate "2005.??.??"]
[Source "www.chesslib.no"]
[SourceDate "2004.05.04"]

1. e4 e5 2. Nf3 Nc6 3. Bb5 a6 4. Ba4 Nf6 5. O-O Be7 6. Re1 b5 7. Bb3 Bb7 8. d3 O-O 9. Nbd2 Re8 10. Ng5 d5 11. exd5 Nd4 12. Rxe5 Nxb3 13. Nxb3 Bxd5 14. Nh3 Qd7 15. Bf4 Be6 16. Qf3 Bd6 17. Ree1 Bg4 18. Rxe8+ Rxe8 19. Qb7 Bxh3 20. Bxd6 cxd6 0-1

[Event "Sweden TV Cup"]
[Site "Sweden"]
[Date "1993.??.??"]
[Round "?"]
[White "Wedberg, Tom"]
[Black "Hector, Jonny"]
[Result "0-1"]
[WhiteElo "2455"]
[BlackElo "2470"]
[PlyCount "56"]
[EventDate "1993.??.??"]
[Source "www.chesslib.no"]
[SourceDate "2004.05.04"]

1. e4 e5 2. Nf3 Nc6 3. Bb5 a6 4. Ba4 Nf6 5. O-O Be7 6. Re1 b5 7. Bb3 Bb7 8. c3 d5 9. exd5 Nxd5 10. d4 exd4 11. cxd4 O-O 12. Nc3 Ncb4 13. a4 bxa4 14. Rxa4 a5 15. Ne5 Bf6 16. Ra1 Re8 17. Na4 Qd6 18. Nc5 Bxe5 19. Rxe5 Bc6 20. Ne4 Qg6 21. f3 h6 22. Rxe8+ Rxe8 23. Rxa5 Rxe4 24. fxe4 Qxe4 25. Qf3 Qxd4+ 26. Qf2 Qe4 27. Rc5 Nd3 28. Bc2 N5b4 0-1